Online
Catalog

Neophyti 1 : (Record no. 38689)

MARC details
000 -CABECERA
campo de control de longitud fija 01133nam a2200217 a 4500
001 - NÚMERO DE CONTROL
campo de control 000039199
005 - FECHA Y HORA DE LA ÚLTIMA TRANSACCIÓN
campo de control 20201002031536.0
008 - DATOS DE LONGITUD FIJA--INFORMACIÓN GENERAL
campo de control de longitud fija 130611s1970 sp 000 0 spa d
040 ## - FUENTE DE LA CATALOGACIÓN
Centro catalogador/agencia de origen DO-SdBNP
Lengua de catalogación spa
Centro/agencia transcriptor BNPHU
100 1# - ENTRADA PRINCIPAL--NOMBRE DE PERSONA
Nombre de persona Díez Macho, Alejandro
9 (RLIN) 65385
245 10 - MENCIÓN DE TÍTULO
Título Neophyti 1 :
Resto del título Targum Palastinense ms de la Biblioteca Vaticana /
Mención de responsabilidad, etc. Alejandro Díez Macho ; Edición príncipe, introducción y versión castellana por Alejandro Díez Macho. Traducciones cotejadas de la versión castellana: francesa: R. Le Déaut; inglesa: Martin McNamara y Michael Maher.
260 ## - PUBLICACIÓN, DISTRIBUCIÓN, ETC.
Lugar de publicación, distribución, etc. Madrid :
Nombre del editor, distribuidor, etc. Consejo Superior de Investigaciones Científicas,
Fecha de publicación, distribución, etc. 1970.
300 ## - DESCRIPCIÓN FÍSICA
Extensión 6v. ;
Dimensiones 28 cm.
490 1# - MENCIÓN DE SERIE
Mención de serie Textos y estudios
Designación de volumen o secuencia 8-11,20
500 ## - NOTA GENERAL
Nota general Incluye referencias bibliográficas y notas al pie de las págianas
500 ## - NOTA GENERAL
Nota general Seminario Filológico Cardenal Cisneros del Instituto Arias Montano.
505 0# - NOTA DE CONTENIDO CON FORMATO
Nota de contenido con formato v.1 .
Título Génesis
Información miscelánea v. 2
Título Éxodo
Información miscelánea v. 3
Título Levítico
Información miscelánea v. 4
Título Número
Información miscelánea v. 5
Título Deuterónimo
Información miscelánea v. 6
Título Apéndices
546 ## - NOTA DE LENGUA/LENGUAJE
Nota de lengua/lenguaje Texto en español y hebreo
700 1# - PUNTO DE ACCESO ADICIONAL--NOMBRE DE PERSONA
Nombre de persona Díez Macho, Alejandro
Término indicativo de función/relación ed.
9 (RLIN) 65385
830 #0 - PUNTO DE ACCESO ADICIONAL DE SERIE-TÍTULO UNIFORME
Título uniforme Textos y estudios
Designación de volumen o secuencia 8-11, 20
9 (RLIN) 65386
Holdings
Estado de retiro Estado de pérdida Restricciones de uso No para préstamo Código de colección Localización permanente Ubicación/localización actual Ubicación en estantería Fecha de adquisición Número de inventario Total de préstamos Signatura topográfica completa Código de barras Fecha visto por última vez Precio válido a partir de Tipo de ítem Koha
      Excluido de préstamo Monografías: Libros y Folletos General General En catalogación 11.06.2013 LF1   v. 2 39199-10 25.06.2020 25.06.2020 No se presta
      Excluido de préstamo Monografías: Libros y Folletos General General En catalogación 11.06.2013 LF1   v. 3 39199-20 25.06.2020 25.06.2020 No se presta
      Excluido de préstamo Monografías: Libros y Folletos General General En catalogación 11.06.2013 LF1   v. 4 39199-30 25.06.2020 25.06.2020 No se presta
      Excluido de préstamo Monografías: Libros y Folletos General General En catalogación 11.06.2013 LF1   v. 5 39199-40 25.06.2020 25.06.2020 No se presta
      Excluido de préstamo Monografías: Libros y Folletos General General En catalogación 11.06.2013 LF1   v. 6 39199-50 25.06.2020 25.06.2020 No se presta

Powered by Koha